All Football Clubs of the World's Top 500 Most Valuable Players - Statistics

General Stats
  • This quiz has been taken 946 times
    563 since last reset
  • The average score is 46 of 77
Answer Stats
No. of Players Answer % Correct
15 Real Madrid
99%
18 Manchester City
98%
16 Barcelona
97%
16 Manchester United
97%
17 Bayern Munich
95%
19 Liverpool
95%
18 Paris Saint-Germain
95%
18 Arsenal
94%
13 AC Milan
93%
21 Chelsea
93%
9 Borussia Dortmund
92%
13 Atletico Madrid
89%
15 Tottenham Hotspur
89%
12 Juventus
88%
14 Aston Villa
85%
11 Inter Milan
83%
2 Ajax Amsterdam
80%
8 AS Roma
80%
11 Newcastle United
80%
2 Olympique Lyon
79%
4 Olympique Marseille
79%
13 Bayer Leverkusen
77%
8 SSC Napoli
76%
6 FC Porto
75%
6 PSV Eindhoven
74%
4 SL Benfica
72%
10 West Ham United
70%
6 AS Monaco
69%
1 SS Lazio
69%
4 LOSC Lille
68%
6 Athletic Bilbao
67%
9 Everton
67%
5 Valencia
67%
10 Brighton and Hove Albion
65%
4 Feyenoord Rotterdam
65%
1 Leicester City
63%
7 Nottingham Forest
63%
9 Real Sociedad
60%
2 Villarreal
60%
9 Atalanta
59%
2 Galatasaray
59%
7 Wolverhampton Wanderers
59%
2 Real Betis
58%
8 Crystal Palace
57%
3 Southampton
56%
2 Al Nassr FC
55%
3 Eintracht Frankfurt
55%
7 AFC Bournemouth
54%
7 RB Leipzig
54%
5 Fulham
53%
2 Fiorentina
52%
5 Sporting Lisbon
52%
8 Brentford
51%
6 Vfb Stuttgart
50%
7 Al-Hilal SFC
49%
1 Inter Miami
47%
3 OGC Nice
47%
1 Fenerbahce
46%
3 RB Salzburg
46%
3 Girona
43%
2 Bologna
41%
2 Stade Rennais
40%
2 Torino
38%
1 RC Lens
36%
2 Al-Ittihad
35%
1 Ipswich Town
35%
1 Flamengo
28%
1 Palmeiras
28%
3 Al-Ahli SFC
27%
1 Zenit St. Petersburg
27%
1 Strasbourg
23%
1 Shakhtar Donetsk
20%
1 Dinamo Zagreb
19%
1 Botafogo
16%
1 Al-Sadd SC
3%
1 FC Krasnodar
3%
1 Al-Orobah FC
0%
No matching quizzes found
Score Distribution
Percent of People with Each Score
Percentile by Number Answered
Your Score History
You have not taken this quiz since the last reset